Vista normal Vista MARC

Entrada Topical Term

Número de registros utilizados en: 4

001 - CONTROL NUMBER

  • control field: 4661

003 - CONTROL NUMBER IDENTIFIER

  • control field: OSt

005 - DATE AND TIME OF LATEST TRANSACTION

  • control field: 20200521125139.0

008 - FIXED-LENGTH DATA ELEMENTS

  • fixed length control field: 200521|| aca||aabn | a|a d

040 ## - CATALOGING SOURCE

  • Original cataloging agency: OSt
  • Transcribing agency: OSt

150 ## - HEADING--TOPICAL TERM

  • Topical term or geographic name entry element: Funcionarios públicos

670 ## - SOURCE DATA FOUND

  • Source citation: Work cat.: (OSt)6355: Maddux, John L., autor 4660, The development philosophy of Robert S. McNamara /, 1981